000
00404nam a2200133Ia 4500
008
151001s9999||||xx |||||||||||||| ||und||
100
_a
राजेंद्र शाहा
245
_a
अरावली चंचल के लोकगीता
250
_a
1
260
_b
राजस्थानी ग्रंथागार
260
_c
2004
300
_a
120
365
_b
21
999
_c
986017
_d
986014